History Quiz

Random History or Politics Quiz
Score 0/13 Timer 03:00
0 Plays Today
% Correct
Richard Nixon and John F. Kennedy (1960)
99%
Hillary Clinton and Donald Trump (2016)
96%
Mitt Romney and Barack Obama (2012)
93.9%
George W. Bush and Al Gore (2000)
93.8%
Jimmy Carter and Ronald Reagan (1980)
93.5%
Jimmy Carter and Gerald Ford (1976)
91.1%
John Kerry and George W. Bush (2004)
88.5%
Barack Obama and John McCain (2008)
87.9%
Bob Dole and Bill Clinton (1996)
75.6%
George H.W. Bush and Michael Dukakis (1988)
75.2%
George H.W. Bush, Ross Perot and Bill Clinton (1992)
72.5%
Walter Mondale and Ronald Reagan (1984)
63.1%
Ronald Reagan and John B. Anderson (1980)
26.2%

You're not logged in!

Compare scores with friends on all Sporcle quizzes.
OR
Log In

Sporcle TV

Today on Sporcle TV


Watch our educational content, quiz creation guides, and fun videos on Sporcle TV.

Show Comments

Extras

Top Quizzes Today


Score Distribution

Paid Content

Your Account Isn't Verified!

In order to create a playlist on Sporcle, you need to verify the email address you used during registration. Go to your Sporcle Settings to finish the process.

Report this User

Report this user for behavior that violates our Community Guidelines.

Details: